[Event "CRO-chT2 Ost"]
[Site "Croatia"]
[Date "2015.10.25"]
[Round "10.45"]
[White "Susnjar, Miroslav"]
[Black "Coric, Zeljko"]
[Result "1-0"]
[WhiteElo "2177"]
[BlackElo "2020"]
[PlyCount "43"]
[EventDate "2015.04.25"]
[EventType "team-tourn"]
[EventRounds "11"]
[EventCountry "CRO"]
[SourceTitle "EXT 2016"]
[Source "ChessBase"]
[SourceDate "2015.10.08"]
[SourceVersion "1"]
[SourceVersionDate "2015.10.08"]
[SourceQuality "1"]

1. d4 d5 2. Nf3 h6 3. c4 dxc4 4. e4 e6 5. Bxc4 Nf6 6. Nc3 Be7 7. 0-0 0-0 8. Be3 c6 9. a3 Nh7 10. Qc2 Nd7 11. Rad1 Nb6 12. Ba2 Ng5 13. Ne5 Nd7 14. f4 Nh7 15. f5 exf5 16. Ng6 Re8 17. Qb3 Ng5 18. Bxg5 Bxg5 19. Qxf7+ Kh7 20. Qxf5 Nf6 21. Nf8+ Kh8 22. Qh7+ 1-0

[Event "CRO-chT2 East"]
[Site "Croatia"]
[Date "2014.05.10"]
[Round "4.25"]
[White "Coric, Zeljko"]
[Black "Gubo, Marko"]
[Result "1/2-1/2"]
[WhiteElo "2035"]
[BlackElo "2096"]
[PlyCount "91"]
[EventDate "2014.04.26"]
[EventType "team-tourn"]
[EventRounds "11"]
[EventCountry "CRO"]
[SourceTitle "EXT 2019"]
[Source "ChessBase"]
[SourceDate "2018.10.10"]
[SourceVersion "1"]
[SourceVersionDate "2018.10.10"]
[SourceQuality "1"]

1. d4 Nf6 2. c4 g6 3. Nc3 Bg7 4. e4 d6 5. h3 0-0 6. Nf3 Nbd7 7. Be3 e5 8. d5 Nc5 9. Bxc5 dxc5 10. Bd3 Ne8 11. 0-0 Nd6 12. Re1 a6 13. Rc1 Qe7 14. b3 Bd7 15. Qe2 Rae8 16. Qd2 f5 17. Nh2 Qh4 18. Re2 b6 19. Nf3 Qh5 20. Qg5 Qxg5 21. Nxg5 h6 22. Nf3 fxe4 23. Nxe4 Bxh3 24. Nxd6 cxd6 25. Bxg6 Re7 26. Nd2 Bf5 27. Bxf5 Rxf5 28. Ne4 Rd7 29. f3 Bf8 30. Kf2 Rdf7 31. Rh1 Kg7 32. Rh3 Rf4 33. Ke3 Be7 34. Kd3 Kg6 35. Re1 h5 36. Rg3+ Kh6 37. Rg8 Rf8 38. Rxf8 Rxf8 39. Rh1 Kg6 40. Ke2 Rb8 41. Kd3 b5 42. Rc1 h4 43. Rc2 Kf5 44. Ke3 Rg8 45. Kf2 Rb8 46. Ke3 1/2-1/2